| 000 | 00497nam a2200193Ia 4500 | ||
|---|---|---|---|
| 003 | GCL | ||
| 008 | 140319s9999 xx 000 0 eng d | ||
| 040 |
_aGCL / _cGCL |
||
| 082 | 0 | 4 |
_a618.2 _bM O |
| 100 | 1 | _aMILLER, ALISTAIR W.F | |
| 245 | 1 | 0 |
_aOBSTETRICS ILLUSTRATED / _cMILLER, ALISTAIR W.F |
| 700 | 1 | _aCALLANDER, ROBIN | |
| 260 |
_a[S.N] : _bCHURCHILL LIVINGSTONE ، _c1994 |
||
| 300 | _a494 P | ||
| 650 | 0 | 4 | _aPREGNANCY |
| 650 | 0 | 4 | _aGYNECOLOGY |
| 650 | 0 | 4 | _aOBSTETRICS |
| 942 |
_2ddc _cBK |
||
| 999 |
_c20006 _d20006 |
||